Statistics for Biggest City in Each Country on a Map

Click here to take the quiz!

General Stats

  • This quiz has been taken 149 times
  • The average score is 161 of 196

Answers on the Map

Answers color-coded by a green-red scale on the quiz's map according to % correct below.
 

Answer Stats

CountryPopulationCity% Correct
Canada2,731,571Toronto
100%
United States of America8,336,817New York City
99%
Cuba2,132,394Havana
98%
Mexico8,843,706Mexico City
98%
Colombia7,744,000Bogota
96%
Argentina3,054,300Buenos Aires
96%
Venezuela3,289,886Caracas
96%
Guatemala923,392Guatemala City
96%
Turkey15,113,808Istanbul
96%
United Kingdom9,047,570London
96%
Russia12,480,481Moscow
96%
Panama430,299Panama City
96%
France2,175,601Paris
96%
Brazil12,214,440Sao Paulo
96%
Thailand10,539,000Bangkok
95%
Egypt9,293,612Cairo
95%
Peru8,894,412Lima
95%
Portugal552,700Lisbon
95%
Spain3,334,730Madrid
95%
India18,394,912Mumbai
95%
Norway697,010Oslo
95%
Liechtenstein6,039Schaan
95%
Sweden1,758,893Stockholm
95%
Australia4,321,534Sydney
95%
Netherlands1,114,745Amsterdam
94%
Greece3,168,846Athens
94%
Germany3,669,491Berlin
94%
Finland653,835Helsinki
94%
Indonesia10,562,088Jakarta
94%
Jamaica669,627Kingston
94%
Saint Vincent and the Grenadines26,828Kingstown
94%
North Korea2,581,076Pyongyang
94%
Italy2,808,293Rome
94%
Chile5,507,282Santiago
94%
South Korea10,010,983Seoul
94%
China26,317,000Shanghai
94%
Iran8,693,706Tehran
94%
Japan13,960,236Tokyo
94%
Poland1,790,658Warsaw
94%
New Zealand1,470,100Auckland
93%
Iraq6,719,476Baghdad
93%
Denmark1,330,993Copenhagen
93%
Bangladesh8,906,039Dhaka
93%
United Arab Emirates2,919,178Dubai
93%
Ireland553,165Dublin
93%
Vietnam8,993,082Ho Chi Minh City
93%
South Africa5,635,127Johannesburg
93%
Ukraine2,967,360Kiev
93%
Haiti987,310Port-au-Prince
93%
Czechia1,324,277Prague
93%
El Salvador570,459San Salvador
93%
Bulgaria1,242,568Sofia
93%
Hungary1,752,286Budapest
92%
Morocco3,359,818Casablanca
92%
Israel936,425Jerusalem
92%
Uruguay1,379,560Montevideo
92%
Singapore5,685,807Singapore
92%
Vatican City832Vatican City
92%
Austria1,921,153Vienna
92%
Algeria7,940,550Algiers
91%
Romania1,883,425Bucharest
91%
Syria2,079,000Damascus
91%
Malaysia1,790,000Kuala Lumpur
91%
Nigeria14,862,000Lagos
91%
Belarus2,020,600Minsk
91%
Monaco37,308Monaco
91%
Ethiopia3,273,000Addis Ababa
90%
Afghanistan4,434,600Kabul
90%
Kenya4,397,073Nairobi
90%
Dominican Republic1,007,997Santo Domingo
90%
Estonia437,619Tallinn
90%
Libya3,072,000Tripoli
90%
Tunisia638,845Tunis
90%
Lebanon361,366Beirut
89%
Serbia1,166,763Belgrade
89%
Democratic Republic of the Congo14,970,000Kinshasa
89%
Latvia627,487Riga
89%
Saudi Arabia7,676,654Riyadh
89%
Albania418,495Tirana
89%
Mongolia1,373,150Ulaanbaatar
89%
Croatia688,163Zagreb
89%
Switzerland420,217Zurich
89%
Belgium529,247Antwerp
88%
Paraguay521,600Asuncion
88%
Azerbaijan2,293,100Baku
88%
Sri Lanka752,993Colombo
88%
Senegal1,146,052Dakar
88%
Qatar2,382,000Doha
88%
Pakistan14,916,456Karachi
88%
Slovenia286,745Ljubljana
88%
Luxembourg122,273Luxembourg
88%
Bahamas246,329Nassau
88%
Iceland232,280Reykjavik
88%
Costa Rica342,188San Jose
88%
Bosnia and Herzegovina348,363Sarajevo
88%
Lithuania559,250Vilnius
88%
Slovakia440,948Bratislava
87%
Djibouti600,000Djibouti
87%
Nepal1,003,285Kathmandu
87%
Georgia1,154,314Tbilisi
87%
Jordan1,812,059Amman
86%
Andorra19,383Andorra la Vella
86%
Angola2,571,861Luanda
86%
North Macedonia509,900Skopje
86%
Moldova532,513Chisinau
85%
Guyana118,369Georgetown
85%
Uzbekistan2,571,668Tashkent
85%
Ghana4,200,000Accra
84%
Cambodia2,189,460Phnom Penh
84%
Yemen2,545,000Sana'a
84%
Republic of the Congo1,696,392Brazzaville
83%
Tanzania6,400,000Dar es Salaam
83%
East Timor244,584Dili
83%
Nicaragua1,041,145Managua
83%
Madagascar1,274,225Antananarivo
82%
Sierra Leone1,055,964Freetown
82%
Maldives127,079Male
82%
Somalia1,650,227Mogadishu
82%
Oman1,421,409Muscat
82%
Papua New Guinea364,125Port Moresby
82%
Kosovo145,149Pristina
82%
Honduras1,092,960Tegucigalpa
82%
Armenia1,084,000Yerevan
82%
Kazakhstan1,977,011Almaty
81%
Cyprus116,392Nicosia
81%
Montenegro150,977Podgorica
81%
Laos620,157Vientiane
81%
Turkmenistan1,031,992Ashgabat
80%
Namibia325,858Windhoek
80%
Kyrgyzstan1,039,072Bishkek
79%
Ecuador2,589,229Guayaquil
79%
Zimbabwe1,485,231Harare
79%
Uganda1,680,600Kampala
79%
Rwanda1,132,000Kigali
79%
Bahrain200,000Manama
78%
Mozambique1,080,277Maputo
78%
Fiji93,970Suva
78%
Myanmar4,728,524Yangon
78%
Ivory Coast4,980,000Abidjan
77%
Burkina Faso2,453,496Ouagadougou
77%
Suriname240,924Paramaribo
77%
São Tomé and Príncipe66,888Sao Tome
77%
Mali1,816,366Bamako
76%
Malawi1,055,700Lilongwe
76%
Togo2,173,800Lome
76%
Liberia1,010,970Monrovia
76%
Chad951,418N'Djamena
76%
Niger978,029Niamey
76%
Eritrea963,000Asmara
75%
Central African Republic889,231Bangui
75%
Guinea-Bissau492,004Bissau
75%
South Sudan525,953Juba
75%
Gabon703,940Libreville
75%
Zambia2,627,700Lusaka
75%
Barbados110,000Bridgetown
74%
Brunei202,715Bandar Seri Begawan
73%
Belize65,173Belize City
73%
Guinea1,660,973Conakry
73%
Tajikistan863,400Dushanbe
73%
Mauritius146,737Port Louis
73%
Cape Verde127,832Praia
73%
Antigua and Barbuda22,219Saint John's
73%
Bhutan114,551Thimphu
73%
Seychelles26,350Victoria
73%
Samoa37,391Apia
72%
Cameroon1,906,962Douala
72%
Botswana279,500Gaborone
72%
Mauritania958,399Nouakchott
72%
Philippines2,936,116Quezon City
72%
Saint Lucia20,000Castries
70%
Lesotho330,760Maseru
69%
Eswatini94,874Mbabane
69%
Grenada33,734Saint George's
69%
Dominica14,725Roseau
68%
Bolivia1,614,224Santa Cruz
68%
Saint Kitts and Nevis14,000Basseterre
67%
Solomon Islands130,176Honiara
67%
Benin679,012Cotonou
65%
Tuvalu6,320Funafuti
65%
Taiwan4,030,954New Taipei City
65%
Vanuatu51,437Port Vila
63%
Burundi1,112,057Bujumbura
62%
Marshall Islands27,797Majuro
62%
Comoros74,749Moroni
62%
Tonga23,221Nuku'alofa
60%
Kiribati63,439South Tarawa
58%
Sudan2,395,159Omdurman
43%
Palau9,781Koror
39%
Equatorial Guinea290,000Bata
38%
Malta32,204Saint Paul's Bay
37%
San Marino11,066Serravalle
35%
Trinidad and Tobago83,516Chaguanas
34%
Gambia337,000Serekunda
32%
Micronesia13,856Weno
32%
Kuwait957,090Hawally
23%
Nauru307Denigomodu
19%

Score Distribution

Percentile by Number Answered

Percent of People with Each Score

Your Score History

You have not taken this quiz